000 01646nam a2200253Ia 4500
999 _c44990
_d44990
001 11811
003 GE_BSU
005 20240617164342.0
008 181216s2014||||ge |||||||||||||| ||geo||
020 _a9789941434808
040 _cGE_BSU
041 _ageo
080 _a274(479.22) კ–74
100 _aკოპალეიშვილი, ტატიანა
_910414
245 _aპროტესტანტული ეკლესიები საქართველოში:
_bXIX საუკუნის 10-იანი წლებიდან მე XX საუკუნის 10-იან წლებამდე /
_cტატიანა კოპალეიშვილი ; რედ. : მურმან პაპაშვილი, ირაკლი ბარამიძე ; ბათუმის შოთა რუსთაველის სახელმწ. უნ-ტი.
264 _aბათუმი :
_bუნივერსიტეტის გამ–ბა,
_c2014.
300 _a272 გვ. :
_bფოტ. ;
_c20 სმ.
500 _aანოტაცია რუსულ და ინგლისურ ენებზე
504 _aბიბლიოგრ. : გვ. 249-254
653 _aპროტესტანტული ეკლესიები საქართველოში
700 _aბარამიძე, ი. (ირაკლი)
_eრედაქტორი
_922456
710 _aბათუმის შოთა რუსთაველის სახელმწიფო უნივერსიტეტი
_922457
942 _cBK
_2udc